Metalurgia de los aceros de calidad

Сохранить в:
Библиографические подробности
Главный автор: Parker, Charles M. (autor)
Формат:
Язык:испанский
Опубликовано: Madrid Aguilar 1951
Предметы:
Метки: Добавить метку
Нет меток, Требуется 1-ая метка записи!

MARC

LEADER 00000nam a2200000 a 4500
001 UCU7757
003 CL-VaPUC
008 960705e19510000SP |||||||||||||||||spa|d
082 0 4 |a 669.142  |b PAR  |2 21 
100 |a Parker, Charles M.  |e autor  |9 366807 
245 1 0 |a Metalurgia de los aceros de calidad 
300 |a 264 p 
942 |c BK 
945 |d 19960705 00:00:00  |a paguirre 
260 |a Madrid  |b Aguilar  |c 1951 
650 0 |a Tecnología química   |9 263002 
650 7 |a TECNOLOGIA METALURGICA  |2 CL-VaPUC  |9 342977 
650 0 |a Metales   |9 260686 
650 7 |a QUIMICA METALURGICA  |2 CL-VaPUC  |9 361125 
650 0 |a Combustibles  |9 271720 
650 7 |a CORROSION  |2 CL-VaPUC  |9 271912 
650 7 |a PRODUCTOS METALICO  |2 CL-VaPUC  |9 366808 
583 |a last modification  |c 19960705 00:00:00  |k Rodrigo Vera 
999 |c 250337  |d 250335 
952 |0 0  |1 0  |4 0  |6 669_142000000000000_PAR_1951  |7 0  |8 A  |9 268266  |a BIBING  |b BIBING  |d 2019-11-19  |i 1700839  |o 669.142 PAR 1951  |p 1700839  |r 2025-01-20  |w 2019-11-19  |y BK  |k ING